| 000 | 00605nam a2200193Ia 4500 | ||
|---|---|---|---|
| 001 | 8319 | ||
| 003 | GE_BSU | ||
| 008 | 181216s||||||||xx |||||||||||||| ||und|| | ||
| 040 | _cGE_BSU | ||
| 245 | _aРеферативный журнал, №4.2013.Литературоведение | ||
| 245 | _bРаздел. Социальные и гуманитарные науки | ||
| 245 | _cгл.ред.Цурганова Е.А.и др. | ||
| 260 | _aМосква. | ||
| 260 | _c2013. | ||
| 300 | _a231ст;29см. | ||
| 520 | _aСерия 7 | ||
| 653 | _aРеферативный журнал | ||
| 942 | _cCR | ||
| 999 |
_c41649 _d41649 |
||